En la Galería Latinoamericana /

Agrupa reseñas sobre algunas de las más importantes exposiciones que han tenido lugar desde 1965 en la Galería Latinoamericana de la Casa de las Américas. De esta forma, el libro porta láminas de pinturas y poemas en relación a exposiciones.

Guardado en:
Detalles Bibliográficos
Autor principal: Juan, Adelaida de (autor)
Formato: Libro
Idioma:Español
Publicado: La Habana, Cuba : Casa de las Américas, 1979
Colección:(Nuestros Países)
Temas:
Etiquetas: Agrega una etiqueta
Sin etiquetas, Sé el primero en etiquetar este registro!

MARC

LEADER 00000nam^a2200000^a^4500
001 000016535
005 20250521000000.0
009 20260310084103.672
037 |a Acervo ITESO - Biblioteca 
041 |a ESP 
082 |a 708.  |b JUA 
100 |a Juan, Adelaida de  |e (autor) 
245 1 0 |a En la Galería Latinoamericana /  |c A. de Juan. 
264 1 |a La Habana, Cuba :  |b Casa de las Américas,  |c 1979 
300 |a 203 p. 
336 |a texto  |b txt  |2 rdacontenido 
337 |a sin mediación  |b n  |2 rdamedio 
338 |a volumen  |b nc  |2 rdasoporte 
440 1 |a (Nuestros Países) 
520 |a Agrupa reseñas sobre algunas de las más importantes exposiciones que han tenido lugar desde 1965 en la Galería Latinoamericana de la Casa de las Américas. De esta forma, el libro porta láminas de pinturas y poemas en relación a exposiciones. 
649 |a XX 
650 |a Arte Latinoamericano -  |x Exposiciones 
650 |a Museos y Galerías -  |z Cuba 
910 |a Fondo General 
920 |a Impresos - Libros 
930 |a Colección General 
905 |a 101 
901 |a 0165350100  |b IT1  |c ACC  |i 016535  |u 20250521 
902 |a https://opac.biblio.iteso.mx/vufind/Record/000016535